000 00442nam a22001697a 4500
003 SGT
020 _a9788120302709
082 _a51205,HOF
100 _aHOFFMAN,KENNETH
245 _aLINEAR ALGEEBRA
250 _a2ND
260 _aNEW DELHI
_bPHI
_c2014
300 _a407
650 _aLINEAR ALGEBRA
653 _aLINEAR EQUATIONS,VECTOR SPACES,LINEAR TRANSFORMATIONS,POLYNOMIALS,DETERMINANTS,BILINEAR FORMS,APPENDIS
942 _2ddc
_cFPS
999 _c9422
_d9422